| 000 | 00583nam a22001697a 4500 | ||
|---|---|---|---|
| 008 | 160920b xxu||||| |||| 00| 0 eng d | ||
| 020 | _a9780073382258 | ||
| 050 |
_aHG 173 _b.C679 2009 |
||
| 100 | _aCornett, marcia millon. | ||
| 245 |
_aFinance : _bApplication and theory/ _cMarcia millon cornett,Troy A. Adair and John Nofsinger |
||
| 260 |
_aBoston Bur Ridge: _bMcgraw hill; _c2009. |
||
| 300 |
_axxiii,655p. :ill. ; _bIncludes index |
||
| 650 | _aFinance. | ||
| 700 | _aAdair, Troy A. | ||
| 700 | _aNofsinger, John | ||
| 942 |
_2lcc _cBOOKS _hHG 173 .C679 2009 |
||
| 999 |
_c13820 _d13820 |
||